| 000 | 00488nam a22001817a 4500 | ||
|---|---|---|---|
| 003 | CEME | ||
| 005 | 20210628205100.0 | ||
| 008 | 210224b xxu||||| |||| 00| 0 eng d | ||
| 020 | _a0-07-039400-8 | ||
| 040 | _c. | ||
| 082 | _a005.1 HAN'L | ||
| 100 |
_aLyu, Michael L _973783 |
||
| 245 | _aHandbook of software reliability engineeing | ||
| 260 |
_aNEWYORK _bMCGRAW HILL _c1995 |
||
| 300 | _a250P | ||
| 650 |
_aCOMPUTER SOFTWARE RELIABILITY HANDBOOK MANUALS _973784 |
||
| 942 |
_cBK _2ddc |
||
| 999 |
_c579429 _d579429 |
||